| 000 | 00384nam a2200133Ia 4500 | ||
|---|---|---|---|
| 008 | 220217s9999||||xx |||||||||||||| ||und|| | ||
| 020 | _a08-2470-777-X | ||
| 082 | _a621.382 5 KOL | ||
| 100 |
_aKolawole, Michel, O _97562 |
||
| 245 | 0 | _aSatellite communication engineering | |
| 260 |
_aMarcel Dekker _c2009 |
||
| 300 |
_aXIII,263p.;28cm _b395 |
||
| 650 | _aSATELLITE COMMUNICATION | ||
| 999 |
_c181170 _d181170 |
||